The making of the modern self : identity and culture in eighteenth-century England
Αποθηκεύτηκε σε:
| Κύριος συγγραφέας: | |
|---|---|
| Μορφή: | Βιβλίο |
| Γλώσσα: | English |
| Δημοσίευση: |
New Haven; London :
Yale University Press,
2004
|
| Θέματα: | |
| Ετικέτες: |
Προσθήκη ετικέτας
Δεν υπάρχουν, Καταχωρήστε ετικέτα πρώτοι!
|
MARC
| LEADER | 00000nam a2200000 i 4500 | ||
|---|---|---|---|
| 001 | 1/47554 | ||
| 008 | 070705s2004 eng d | ||
| 020 | |a 978-0-300-10251-2 (hbk.) | ||
| 020 | |a 0-300-10251-8 (hbk.) | ||
| 035 | |l 10088674 | ||
| 040 | |a GR-MY-UA |b gre |e aacr | ||
| 041 | 0 | |a eng | |
| 082 | 0 | |a 126.094109033 |2 (22) | |
| 100 | 1 | |a Wahrman, Dror. | |
| 245 | 1 | 4 | |a The making of the modern self : |b identity and culture in eighteenth-century England / |c Dror Wahrman |
| 260 | |a New Haven; London : |b Yale University Press, |c 2004 | ||
| 300 | |a xviii, 414 σ.; |b εικ.; |c 25 εκ. | ||
| 504 | |a Περιέχει βιβλιογραφικές αναφορές και ευρετήριο | ||
| 650 | 0 | 0 | |a Identity (Psychology) |z Great Britain |x History |y 18th century. |
| 650 | 0 | 0 | |a Self (Philosophy) |z Great Britain |x History |y 18th century. |
| 651 | 0 | |a Great Britain |x Civilization |y 18th century. | |
| 852 | |a INST |b LESVOS |e 20070705 |h 126.094109033 WAH |p 005100037846 |q 005100037846 |t BK |y 0 | ||
| 901 | |a BIBL1-2007-2 | ||
| 909 | |a Λ |b 135618 | ||
| 922 | |a 1ΕΛΗ |b 200706 |c ΕΠΕΑΕΚ2/ΤΚΑ |d ΠΑΠΑΣΩΤΗΡΙΟΥ | ||
| 970 | |a ΒΑΡΚΑ |b ΕΛΕΥΘΕΡΙΑ |z 2007/07/05 | ||